000 00580nam a2200205Ia 4500
008 180207s9999 xx 000 0 und d
020 _a9789715907484
050 _bB726 2011
100 _aBorchard, Therese J.
245 _aWhat does "depressed" mean? :
245 _ba guidebook for children with a depressed loved one /
245 _cby Therese J. Borchard ; illustrated by R. W. Alley.
260 _aUSA :
260 _bOne Caring Place,
260 _c2011
300 _aunpaged :
300 _bchiefly colored ;
300 _c21cm.
440 _aPhonics readers.
999 _c355566
_d355566